Atlas Der Himmelszone Zurichen 1 degree Und 23 degrees Sudlicher Declination Furden Anfang Des Jahres 1855(in German) (Record no. 470)

MARC details
000 -LEADER
fixed length control field 00536nam a2200157Ia 4500
003 - CONTROL NUMBER IDENTIFIER
control field IN-BaIIA
008 - FIXED-LENGTH DATA ELEMENTS--GENERAL INFORMATION
fixed length control field 211028s9999 xx 000 0 eng d
040 ## - CATALOGING SOURCE
Transcribing agency IIA Library
080 ## - UNIVERSAL DECIMAL CLASSIFICATION NUMBER
Universal Decimal Classification number 084.4:52
Item number SCH
100 ## - MAIN ENTRY--PERSONAL NAME
Personal name Schonfeld, F.
9 (RLIN) 1082
245 #0 - TITLE STATEMENT
Title Atlas Der Himmelszone Zurichen 1 degree Und 23 degrees Sudlicher Declination Furden Anfang Des Jahres 1855(in German)
Statement of responsibility, etc. F. Schonfeld
260 ## - PUBLICATION, DISTRIBUTION, ETC.
Place of publication, distribution, etc. Boon
Date of publication, distribution, etc. 1887
650 ## - SUBJECT ADDED ENTRY--TOPICAL TERM
Topical term or geographic name entry element Astronomy and Astrophysics Thesaurus
650 ## - SUBJECT ADDED ENTRY--TOPICAL TERM
Topical term or geographic name entry element Atlas
942 ## - ADDED ENTRY ELEMENTS (KOHA)
Koha item type Books
Holdings
Withdrawn status Lost status Damaged status Not for loan Home library Current library Shelving location Date acquired Total Checkouts Full call number Barcode Date last seen Price effective from Koha item type
        IIA Library-Bangalore IIA Library-Kavalur General Stacks     084.4:52/ SCH 486 05/11/2021   Books

Powered by Koha